Catálogo

Maigret et le clochard / (Registro nro. 15027)

Detalles MARC
000 -LEADER
fixed length control field 01043cam a2200313 i 4500
001 - CONTROL NUMBER
control field 15027
003 - CONTROL NUMBER IDENTIFIER
control field Mx-PuUPA
005 - DATE AND TIME OF LATEST TRANSACTION
control field 20250619155115.0
008 - FIXED-LENGTH DATA ELEMENTS--GENERAL INFORMATION
fixed length control field 140415s1997 ab gr 000 0 fre d
020 ## - INTERNATIONAL STANDARD BOOK NUMBER
International Standard Book Number 9788723512314
040 ## - CATALOGING SOURCE
Original cataloging agency Mx-PuUPA
Language of cataloging spa
Transcribing agency Mx-PuUPA
Modifying agency Mx-PuUPA
Description conventions rda
041 1# - LANGUAGE CODE
Language code of text/sound track or separate title fre
100 1# - MAIN ENTRY--PERSONAL NAME
Personal name Simenon, Georges,
Dates associated with a name 1903-1989
9 (RLIN) 7720
Relator term autor
245 10 - TITLE STATEMENT
Title Maigret et le clochard /
Statement of responsibility, etc. Georges Simenon ; illustrations, Per Illum
250 ## - EDITION STATEMENT
Edition statement Révisée /
Remainder of edition statement par Hanne Blaaberg
264 #1 - PRODUCTION, PUBLICATION, DISTRIBUTION, MANUFACTURE, AND COPYRIGHT NOTICE
Place of production, publication, distribution, manufacture Copenhagen :
Name of producer, publisher, distributor, manufacturer Easy Readers,
Date of production, publication, distribution, manufacture, or copyright notice 1997
300 ## - PHYSICAL DESCRIPTION
Extent 92 páginas :
Other physical details ilustraciones, planos ;
Dimensions 19 cm
336 ## - CONTENT TYPE
Fuente rdacontent
Content type term texto
Content type code txt
337 ## - MEDIA TYPE
Source rdamedia
Media type term sin medio
Media type code n
338 ## - CARRIER TYPE
Source rdacarrier
Carrier type term volumen
Carrier type code nc
490 0# - SERIES STATEMENT
Series statement Easy readers ER ;
Volume/sequential designation B
521 3# - TARGET AUDIENCE NOTE
Target audience note B (A2,CEFR)
600 14 - SUBJECT ADDED ENTRY--PERSONAL NAME
Personal name Maigret, Jules, (Personaje ficticio)
General subdivision Novela
650 #7 - SUBJECT ADDED ENTRY--TOPICAL TERM
Source of heading or term armarc
Topical term or geographic name entry element Policia
Geographic subdivision Francia
-- París
General subdivision Novela
700 1# - ADDED ENTRY--PERSONAL NAME
Personal name Illum, Per,
Relator term ilustrador
942 ## - ADDED ENTRY ELEMENTS (KOHA)
Source of classification or shelving scheme Dewey Decimal Classification
Koha item type Libro
Classification part 843.912
Item part S58
Existencias
Withdrawn status Lost status Source of classification or shelving scheme Damaged status Not for loan Collection code Home library Current library Shelving location Date acquired Total Checkouts Full call number Barcode Date last seen Price effective from Koha item type
    Dewey Decimal Classification     General Angelópolis Angelópolis Sala general 19/06/2025   843.912 S58 1997 965000000413 19/06/2025 19/06/2025 Libro